Red-Themed Trivia Quiz Stats

 Plays Quiz Updated Jul 11, 2017

Support Sporcle.
Go Orange.
Score 0/15 Timer 04:00
0 Plays Today
Question Answer % Correct
Which two card suits are colored red?Diamonds & Hearts
96.2%
What type of animal poses as Little Red Riding Hood's grandmother?Wolf
95.3%
Which country's flag contains only a large red disc that represents the sun?Japan
94.7%
Which celestial body is nicknamed the 'Red Planet'?Mars
93.5%
'Rouge' would be used to refer to the color red in a country speaking what language?French
92.5%
Manfred von Richthofen, also known as the Red Baron, was a German pilot during what conflict?World War I
92%
According to Exodus, God parted the Red Sea after who held out his staff?Moses
90.1%
What kind of fish completes the phrase 'red _____', meaning something that is misleading or distracting?Herring
86.9%
Question Answer % Correct
Whose album, titled 'Red,' features the hit 'We Are Never Ever Getting Back Together'?Taylor Swift
71.6%
A red version of what flower is worn on Remembrance Day?Poppy
66.6%
Which Oscar-winning actor reprised the role of Hannibal Lecter in the 2002 film, 'Red Dragon'?Anthony Hopkins
63.1%
Airing in 2013, the massacre known as the 'Red Wedding' occurred on what HBO drama?Game of Thrones
62.9%
Anung Un Rama is the real name of which red, well-meaning demon superhero?Hellboy
44.8%
Set during the American Civil War, 'The Red Badge of Courage' was written by what author?Stephen Crane
25.6%
Which current MLB team was established in 1871 as the Boston Red Stockings?Atlanta Braves
20%

You're not logged in!

Compare scores with friends on all Sporcle quizzes.
OR
Log In
Forgot?

From the Vault

Human Body Elements Criteria

by biggs364

You're a human, so this should be easy. Right?
Remove Ads.
Support Sporcle.
Get the best of Sporcle when you Go Orange. This ad-free experience offers more features, more stats, and more fun while also helping to support Sporcle. Thank you for becoming a member.

Show Comments

Extras

Top Quizzes Today


Score Distribution

Your Account Isn't Verified!

In order to create a playlist on Sporcle, you need to verify the email address you used during registration. Go to your Sporcle Settings to finish the process.

Report this User

Report this user for behavior that violates our Community Guidelines.

Details: